Clinical Endodontics A Textbook (Record no. 5483)

MARC details
000 -LEADER
fixed length control field 00545nam a22002177a 4500
003 - CONTROL NUMBER IDENTIFIER
control field OSt
005 - DATE AND TIME OF LATEST TRANSACTION
control field 20170124132135.0
008 - FIXED-LENGTH DATA ELEMENTS--GENERAL INFORMATION
fixed length control field 170124b xxu||||| |||| 00| 0 eng d
020 ## - INTERNATIONAL STANDARD BOOK NUMBER
International Standard Book Number 1588901602
020 ## - INTERNATIONAL STANDARD BOOK NUMBER
International Standard Book Number 3137681022
040 ## - CATALOGING SOURCE
Transcribing agency DMLN
082 ## - DEWEY DECIMAL CLASSIFICATION NUMBER
Classification number WU230 T 688a 2003
100 ## - MAIN ENTRY--PERSONAL NAME
Personal name Tronstad, Leif.
9 (RLIN) 11451
245 ## - TITLE STATEMENT
Title Clinical Endodontics A Textbook
250 ## - EDITION STATEMENT
Edition statement 2nd rev ed.
300 ## - PHYSICAL DESCRIPTION
Extent x,259p; ill: 24cm
504 ## - BIBLIOGRAPHY, ETC. NOTE
Bibliography, etc References, & index included
650 ## - SUBJECT ADDED ENTRY--TOPICAL TERM
Topical term or geographic name as entry element Endodontics
9 (RLIN) 4045
650 ## - SUBJECT ADDED ENTRY--TOPICAL TERM
Topical term or geographic name as entry element Dental
9 (RLIN) 3287
942 ## - ADDED ENTRY ELEMENTS (KOHA)
Source of classification or shelving scheme Other/Generic Classification Scheme
Koha item type Open Shelf
Holdings
Withdrawn status Lost status Source of classification or shelving scheme Damaged status Not for loan Home library Current library Date acquired Source of acquisition Inventory number Total Checkouts Full call number Barcode Date last seen Koha item type
    Other/Generic Classification Scheme     MUST Main Library MUST Main Library 24/01/2017   07/29202   WU230 T 688a 2003 2017-0062 24/01/2017 Open Shelf